000 00360nam a2200145Ia 4500
008 150201s2004 xx 000 0 und d
082 _a610.7468
_bP04M
100 _aMOREAU , DAIVID
245 _aPSYCHIATRIS NURSING INCREDIBALY EASY
250 _a1ST
260 _bLIPPNCOTT
_aPHILALDELPHIA
_c2004
300 _a566
650 _aPSYCHIATRY
942 _2ddc
_cBK
999 _c1979
_d1979